Responses for Show #8033 - Wednesday, July 10, 2019

Ryan Bilger game 5. Sam Kavanaugh game 1.

Contestants

[<< previous game]

Margaret Hamilton, a retired air traffic controller from Sebring, Florida

Sam Kavanaugh, a teacher from Minneapolis, Minnesota

Ryan Bilger, a student from Macungie, Pennsylvania (whose 4-day cash winnings total $107,049)

[next game >>]

Jeopardy! Round responses

HISTORY, OVER ON THE LEFT
STATE MOTTOES
MNEMONICS
"AINT", NECESSARILY SO
LITERATURE
AN ALBUM COVER
    $200 29
the Communist Manifesto

Ryan
    $200 9
New Hampshire

Ryan
    $200 30
a tablespoon

Sam
    $200 1
faint

Sam
    $200 8
(Herman) Melville

Sam
    $200 27
Sgt. Pepper's Lonely Hearts Club Band

Margaret
    $400 17
the Weimar Republic

Sam
    $400 10
Michigan

Ryan
    $400 6
stalactites and stalagmites

Ryan
    $400 2
a restraint

Ryan
    $400 19
the BBC

Margaret
    $400 22
Purple Rain

Sam
    $600 15
Che Guevara

Ryan
    $600 11
Virginia

Ryan
    $600 7
every good boy

Sam
    $600 3
quaint

Margaret
    $600 20
Tartuffe

Ryan
    $600 18
Rumours

Sam
    $800 14
the Progressive Party

Sam
    $800 12
Indiana

Ryan
    $800 25
potassium

Triple Stumper
    $800 4
acquaint

Margaret
    $800 21
the Spanish-American War

Sam
    $5,000 23
Led Zeppelin

Sam
    $1000 16
François Mitterand

Ryan
    $1000 13
(Margaret: What is Alaska?)

Minnesota

SamMargaret
    $1000 26
Newfoundland

Margaret
    $1000 5
a complaint

Ryan
    $1000 24
(T.S.) Eliot

Ryan
    $1000 28
Björk

Ryan

Scores at the first commercial break (after clue 15):

Ryan Sam Margaret
$4,400 $2,800 $400

Scores at the end of the Jeopardy! Round:

Ryan Sam Margaret
$8,200 $10,200 $2,000

Double Jeopardy! Round responses

ANCIENT EGYPT
PRISON NICKNAMES
SCIENCE NEWS
NEVER WON AN EMMY
THE NUCLEAR POWERS
THE BODY PART WITHIN
(Alex: Each response has a body part in it.)
    $400 3
a strike

Ryan
    $400 25
penitentiary

Ryan
    $400 27
carbon dioxide

Ryan
    $400 14
Angela Lansbury

Margaret
    $400 2
Queen Elizabeth

Sam
    $400 1
(Alex: That has "lips".)

an eclipse

Sam
    $800 26
a board game

Ryan
    $800 12
Alcatraz

Sam
    $800 10
batteries

Ryan
    $800 15
Jackie Gleason

Margaret
    $800 4
Taiwan

Margaret
    $800 6
(Alex: It has "hand".)

a chandelier

Ryan
    $1200 21
Memphis

Ryan
    $1200 17
black hole

Ryan
    $1200 9
a gecko

Margaret
    $1200 16
Upstairs, Downstairs

Sam
    $1200 5
(Margaret: What is Morocco?)

Algeria

RyanMargaret
    $1200 7
a sliver

Sam
    $6,000 8
a (peace) treaty

Sam
    $1600 18
London

Margaret
    $1600 11
(Ryan: What leukocytes?)
(Alex: Be more specific.)

lymphocytes

Ryan
    $1600 29
Jed Clampett

Margaret
    $5,000 13
Pakistan

Sam
    $1600 28
(Margaret: What is a legend?)

an allegory

Margaret
Triple Stumper
    $2000 20
(Margaret: What is peace?)

life

Margaret
Triple Stumper
    $2000 19
(Margaret: Who is Ginsberg?)
(Ryan: Who is Kerouac?)

William Burroughs

RyanMargaret
Triple Stumper
    $2000 24
the Canaanites

Ryan
    $2000 30
The Night Manager

Triple Stumper
    $2000 22
(Sam: Who's Kim Jong-un?)

Putin

SamMargaret
    $2000 23
arrears

Ryan

Scores at the end of the Double Jeopardy! Round:

Ryan Sam Margaret
$19,000 $23,200 $3,600

[wagering suggestions for these scores]

Final Jeopardy! Round responses

BESTSELLING NOVELS
MargaretWhat is The Davinci Code
$3,000
RyanWhat is The Da Vinci Code?
$4,300
SamWhat is The daVinci Code?
$14,801
The Da Vinci Code

Final scores:

Ryan Sam Margaret
$23,300 $38,001 $6,600
2nd place: $2,000 New champion: $38,001 3rd place: $1,000

Game dynamics:

Coryat scores:

Ryan Sam Margaret
$19,000 $11,200 $3,600
25 R,
1 W
18 R
(including 3 DDs),
1 W
12 R,
5 W

Combined Coryat: $33,800

[game clues] [game scores] [suggest correction]

Game tape date: 2019-03-27
The J! Archive is created by fans, for fans. Scraping, republication, monetization, and malicious use prohibited; this site may use cookies and collect identifying information. See terms. The Jeopardy! game show and all elements thereof, including but not limited to copyright and trademark thereto, are the property of Jeopardy Productions, Inc. and are protected under law. This website is not affiliated with, sponsored by, or operated by Jeopardy Productions, Inc. Join the discussion at JBoard.tv.